| 000 | 00749nam a22002057a 4500 | ||
|---|---|---|---|
| 999 |
_c4734 _d4734 |
||
| 003 | AR-CdUCM | ||
| 008 | 190311b ||||| |||| 00| 0 spa d | ||
| 040 |
_aMUNICIPALIDAD PROVINCIAL DEL CUSCO _cBIBLIOTECA MUNICIPAL DEL CUSCO |
||
| 082 |
_a375.492 / _bAR68 |
||
| 100 |
_aArdiles M, Ostende _914659 |
||
| 245 |
_aTeatro Escolar : _bY artistas aficionados / |
||
| 260 |
_aCusco : _bRozas, _c1965. |
||
| 300 |
_a218 paginas ; _c21cm. |
||
| 500 | _a"Esta noche gran función" Contiene: Un repertorio de piezas teatrales, en diversos géneros, para ser puesta en el escenario escolar: Dramas, comedias. | ||
| 650 |
_aTeatro infantil peruano _914660 |
||
| 650 |
_aTeatro peruano _92697 |
||
| 650 |
_aSiglo XX _98 |
||
| 942 |
_2ddc _cLIBROS |
||
| 945 | _apjha | ||